| 000 | 00563nam a2200181 a 4500 | ||
|---|---|---|---|
| 003 | SISC | ||
| 005 | 20180213163830.0 | ||
| 008 | 020824s19uu xx 00 eng d | ||
| 020 | _a9782318648 | ||
| 050 |
_aBF 176 _b.D326 1998 |
||
| 100 | _aDe Jesus, Evangeline M. | ||
| 245 |
_aHandbook of psychological tests : _bTheories, Administration, Scoring & Applications / _cEvangeline M. De Jesus. |
||
| 260 |
_aManila : _bRex Printing Company Inc., _c1998. |
||
| 300 |
_a206 p. : _c22 cm. |
||
| 650 | _aPsychological tests | ||
| 942 |
_cBK _2lcc _kLOC |
||
| 999 |
_c19377 _d19377 |
||